|
|
|
|
| LEADER |
00000nam0a2200000 4500 |
| 001 |
313723 |
| 005 |
20231102002616.0 |
| 035 |
|
|
|a (RuTPU)RU\TPU\book\339108
|
| 090 |
|
|
|a 313723
|
| 100 |
|
|
|a 20160202d1967 k y0rusy50 ca
|
| 101 |
0 |
|
|a rus
|
| 102 |
|
|
|a UA
|
| 105 |
|
|
|a a z 001zy
|
| 200 |
1 |
|
|a Методы отбора и преобразования информации
|e [сборник статей]
|f Академия наук Украинской ССР (АН УССР) ; отв. ред. В. Н. Михайловский
|
| 210 |
|
|
|a Киев
|c Наукова думка
|d 1967
|
| 215 |
|
|
|a 179 с.
|c ил.
|
| 225 |
1 |
|
|a Отбор и передача информации
|
| 320 |
|
|
|a Библиогр. в конце статей
|
| 606 |
1 |
|
|a Информация
|x Передача
|x Отбор
|2 stltpush
|3 (RuTPU)RU\TPU\subj\12991
|9 39681
|
| 610 |
1 |
|
|a случайные процессы
|
| 610 |
1 |
|
|a линейное прогнозирование
|
| 610 |
1 |
|
|a биометеорологическая информация
|
| 610 |
1 |
|
|a болевые ощущения
|
| 610 |
1 |
|
|a ревматизм
|
| 610 |
1 |
|
|a корректирующие коды
|
| 610 |
1 |
|
|a телеизмерительные системы
|
| 610 |
1 |
|
|a импульсы
|
| 610 |
1 |
|
|a измерители
|
| 610 |
1 |
|
|a переходные процессы
|
| 675 |
|
|
|a 621.391
|v 4
|
| 702 |
|
1 |
|a Михайловский
|b В. Н.
|4 340
|
| 712 |
0 |
2 |
|a Академия наук Украинской ССР (АН УССР)
|c (1936-1991)
|2 stltpush
|3 (RuTPU)RU\TPU\col\332
|
| 801 |
|
1 |
|a RU
|b 63413507
|c 20160202
|
| 801 |
|
2 |
|a RU
|b 63413507
|c 20171024
|g RCR
|
| 942 |
|
|
|c BK
|